El nacimiento de la república, 1763-89

Збережено в:
Бібліографічні деталі
Автор: Morgan, Edmund S. (autor)
Формат: Книга
Мова:Іспанська
Опубліковано: Buenos Aires Plaza y Janes 1965
Предмети:
Теги: Додати тег
Немає тегів, Будьте першим, хто поставить тег для цього запису!

MARC

LEADER 00000nam a2200000 a 4500
001 UCO1145
003 CL-VaPUC
008 000512e19650000AG |||||||||||||||||spa|d
082 0 4 |a 973.27  |b MOR  |2 21 
100 |a Morgan, Edmund S.  |e autor  |9 599799 
245 1 3 |a El nacimiento de la república, 1763-89 
300 |a 222 p 
942 |c BK 
945 |d 20000512 00:00:00  |a crobeson 
260 |a Buenos Aires  |b Plaza y Janes  |c 1965 
650 7 |a HISTORIA ESTADOUNIDENSE  |2 CL-VaPUC  |9 350346 
650 7 |a COLONIA  |2 CL-VaPUC  |9 443000 
650 0 |a Independencia   |9 344246 
650 7 |a REVOLUCION AMERICANA  |2 CL-VaPUC  |9 439168 
651 0 |a Estados Unidos  |9 255178 
583 |a last modification  |c 20000512 00:00:00  |k Rodrigo Vera 
999 |c 287774  |d 287772 
952 |0 0  |1 0  |4 0  |6 973_270000000000000_MOR_1965  |7 0  |8 A  |9 334810  |a BIBHIS  |b BIBHIS  |d 2019-11-20  |i 1274082  |o 973.27 MOR 1965  |p 1274082  |r 2025-01-20  |w 2019-11-20  |y BK  |k HIS 
952 |0 0  |1 0  |4 0  |6 973_270000000000000_MOR_1965  |7 0  |8 A  |9 334811  |a BIBHIS  |b BIBHIS  |d 2019-11-20  |i 1274090  |o 973.27 MOR 1965  |p 1274090  |r 2025-01-20  |w 2019-11-20  |y BK  |k HIS